ბათუმის შოთა რუსთაველის სახელმწიფო უნივერსიტეტის ბიბლიოთეკა

Wirtschaftsdeutsch Von A-Z: Lehr- Und Arbeitsbuch (ბიბ.ჩანაწერი № 54748)

000 -LEADER
fixed length control field 00601nam a2200241Ia 4500
001 - CONTROL NUMBER
control field 21815
003 - CONTROL NUMBER IDENTIFIER
control field GE_BSU
008 - FIXED-LENGTH DATA ELEMENTS--GENERAL INFORMATION
fixed length control field 181216s||||||||xx |||||||||||||| ||und||
020 ## - INTERNATIONAL STANDARD BOOK NUMBER
International Standard Book Number 9783468498695
040 ## - CATALOGING SOURCE
Transcribing agency GE_BSU
080 ## - UNIVERSAL DECIMAL CLASSIFICATION NUMBER
Universal Decimal Classification number 811.112
100 ## - MAIN ENTRY--PERSONAL NAME
Personal name Leimbacher, Eric
245 ## - TITLE STATEMENT
Title Wirtschaftsdeutsch Von A-Z: Lehr- Und Arbeitsbuch
245 ## - TITLE STATEMENT
Remainder of title Neubearbeitung
260 ## - PUBLICATION, DISTRIBUTION, ETC.
Place of publication, distribution, etc. Berlin
260 ## - PUBLICATION, DISTRIBUTION, ETC.
Name of publisher, distributor, etc. Langenscheidt
260 ## - PUBLICATION, DISTRIBUTION, ETC.
Date of publication, distribution, etc. 2008
300 ## - PHYSICAL DESCRIPTION
Extent 192 p. ill. 27 cm.
653 ## - INDEX TERM--UNCONTROLLED
Uncontrolled term Neubearbeitung
653 ## - INDEX TERM--UNCONTROLLED
Uncontrolled term Wirtschaftsdeutsch Von A-Z: Lehr- Und Arbeitsbuch
942 ## - ADDED ENTRY ELEMENTS (KOHA)
Koha item type წიგნი
ეგზემპლარები
Withdrawn status Lost status Damaged status Not for loan Date acquired Barcode Date last seen Price effective from Koha item type
        2018-12-17 1485 2018-12-17 2018-12-17 წიგნი